| 000 | 00730nam a22002177a 4500 | ||
|---|---|---|---|
| 003 | OSt | ||
| 005 | 20260114035357.0 | ||
| 008 | 260114b |||||||| |||| 00| 0 eng d | ||
| 020 | _a0-393-31117-1. | ||
| 040 |
_aDWC-Main Lib. _cOC |
||
| 082 | _aCirc. 330.9 S797 1994 | ||
| 100 | _aBrown, Lester R. | ||
| 245 |
_aState of the world, 1994 : _ba Worldwatch Institute Report on progress toward a sustainable society./ _cLester R. Brown |
||
| 260 |
_aN. Y. : _bW.W. Norton & Company, _cc1994. |
||
| 300 |
_axvi, 265 p. ; _c23 cm. |
||
| 504 | _aIncludes index. | ||
| 650 | _a1. Economic history--1990- | ||
| 650 | _a2. Sustainable development. | ||
| 650 | _a3. Environmental policy. | ||
| 942 |
_2ddc _cBK-CIRC _hCirc. _n0 |
||
| 999 |
_c7370 _d7370 |
||